| 000 | 00523nam a2200181Ia 4500 | ||
|---|---|---|---|
| 008 | 140527s9999 xx 000 0 und d | ||
| 020 | _a9780077137014 | ||
| 050 |
_aHF 5415 _b.F158 2012 |
||
| 100 | _aFahy, John. | ||
| 245 |
_aFoundations of marketing / _cJohn Fahy, David Jobber |
||
| 250 | _a4th ed. | ||
| 260 |
_aMaidenhead : _bMcGraw-Hill Higher Education, _cc2012. |
||
| 300 |
_a359 p. : _bcol. ill. ; _c27 cm. |
||
| 500 | _aIncludes glossary and index. | ||
| 521 | _aBSBA | ||
| 942 |
_kFOR _cBK |
||
| 999 |
_c117441 _d117441 |
||